[Event "Florianopolis Winter op 6th"]
[Site "Florianopolis"]
[Date "2022.07.17"]
[Round "9"]
[White "Kim, Andre"]
[Black "Zhong, Lanxin"]
[Result "0-1"]
[WhiteElo "1158"]
[BlackElo "1383"]
[PlyCount "84"]
[EventDate "2022.07.13"]
[EventType "swiss"]
[EventRounds "9"]
[EventCountry "BRA"]
[SourceTitle "CBM 209 Extra"]
[Source "ChessBase"]
[SourceDate "2022.09.30"]
[SourceVersion "1"]
[SourceVersionDate "2022.09.30"]
[SourceQuality "1"]

1. d4 Nf6 2. Nf3 e6 3. e3 d5 4. c4 c5 5. Nc3 Nc6 6. b3 a6 7. cxd5 exd5 8. Bb2 Be7 9. Bd3 0-0 10. 0-0 Bg4 11. Be2 b5 12. h3 Be6 13. Rc1 c4 14. bxc4 dxc4 15. a3 Nd5 16. Nxd5 Bxd5 17. Qc2 f5 18. Rfd1 Be4 19. Qd2 Qd5 20. Ne1 Qf7 21. d5 Rad8 22. Qc3 Bf6 23. Qd2 Rxd5 24. Bd4 Nxd4 25. exd4 Rxd4 26. Qa5 Qa7 27. Nf3 Rxd1+ 28. Rxd1 c3 29. Ne1 c2 30. Nxc2 Bxc2 31. Rc1 Bd8 32. Qd2 Be4 33. Kf1 h6 34. f3 Kh7 35. Bd3 Bg5 36. f4 Bxd3+ 37. Qxd3 Bxf4 38. Rd1 Be3 39. g3 Bc5 40. Kg2 Qb7+ 41. Kh2 Qe4 42. Qc3 Qe2+ 0-1

[Event "Florianopolis Autumn op U1800"]
[Site "Florianopolis"]
[Date "2022.05.13"]
[Round "1"]
[White "Rodrigues Nogueira, Carlos Manuel"]
[Black "Zhong, Lanxin"]
[Result "1/2-1/2"]
[WhiteElo "1746"]
[BlackElo "1359"]
[PlyCount "36"]
[EventDate "2022.05.13"]
[EventType "swiss"]
[EventRounds "6"]
[EventCountry "BRA"]
[SourceTitle "CBM 208 Extra"]
[Source "ChessBase"]
[SourceDate "2022.07.31"]
[SourceVersion "1"]
[SourceVersionDate "2022.07.31"]
[SourceQuality "1"]

1. e4 c5 2. g3 Nc6 3. Bg2 e6 4. Ne2 Nf6 5. 0-0 Be7 6. d3 0-0 7. h3 d5 8. Be3 d4 9. Bd2 e5 10. f4 Qb6 11. b3 a5 12. a4 c4 13. bxc4 Qb2 14. Na3 Bxa3 15. Rb1 Qa2 16. Ra1 Qb2 17. Rb1 Qa2 18. Ra1 Qb2 1/2-1/2

[Event "Florianopolis op 8th"]
[Site "Florianopolis"]
[Date "2022.01.27"]
[Round "5"]
[White "Zhong, Lanxin"]
[Black "Penha, Evelyn Maximiano"]
[Result "1/2-1/2"]
[WhiteElo "1139"]
[BlackElo "1665"]
[PlyCount "98"]
[EventDate "2022.01.24"]
[EventType "swiss"]
[EventRounds "10"]
[EventCountry "BRA"]
[SourceTitle "CBM 206 Extra"]
[Source "ChessBase"]
[SourceDate "2022.03.31"]
[SourceVersion "1"]
[SourceVersionDate "2022.03.31"]
[SourceQuality "1"]

1. e4 c5 2. Nf3 d6 3. d4 cxd4 4. Nxd4 Nf6 5. Nc3 a6 6. a4 e5 7. Nf3 Be6 8. h3 h6 9. Be3 Be7 10. Bd3 0-0 11. 0-0 Nc6 12. Ne2 d5 13. Ng3 d4 14. Bd2 Rc8 15. c3 Bc5 16. Rc1 Qb6 17. b4 Bd6 18. Bc2 Qd8 19. Bb3 Qe7 20. Bxe6 Qxe6 21. b5 Na5 22. cxd4 Rxc1 23. Bxc1 exd4 24. Nxd4 Qc4 25. Ndf5 Bxg3 26. Nxg3 Nxe4 27. Nxe4 Qxe4 28. Qg4 Qxg4 29. hxg4 Rc8 30. Bd2 Nb3 31. Be3 Rc4 32. Rb1 Nd4 33. bxa6 bxa6 34. a5 Ra4 35. f3 Nc6 36. Rb6 Nxa5 37. Rxa6 Ra1+ 38. Kh2 Nb3 39. Rxa1 Nxa1 40. Kg3 Nb3 41. Kf4 Na5 42. g5 hxg5+ 43. Kxg5 Nc6 44. Bc5 Kh7 45. f4 Nd8 46. f5 f6+ 47. Kh5 Nc6 48. g4 Ne5 49. Be7 Nxg4 1/2-1/2

[Event "Pan American-ch Hybrid U12 Girls 31st"]
[Site "Tornelo INT"]
[Date "2021.09.04"]
[Round "3"]
[White "Arenas Lavado, Luciana Andrea"]
[Black "Zhong, Lanxin"]
[Result "1-0"]
[WhiteElo "1368"]
[BlackElo "1410"]
[PlyCount "99"]
[EventDate "2021.09.04"]
[EventType "swiss"]
[EventRounds "9"]
[EventCountry "NET"]
[SourceTitle "EXT 2023"]
[Source "ChessBase"]
[SourceDate "2022.10.05"]
[SourceVersion "1"]
[SourceVersionDate "2022.10.05"]
[SourceQuality "1"]

1. e4 c5 2. Nf3 Nc6 3. d4 cxd4 4. Nxd4 e5 5. Nb5 d6 6. N1c3 Nf6 7. Nd5 Nxd5 8. exd5 Ne7 9. c4 a6 10. Qa4 Nxd5 11. Nc7+ Ke7 12. Nxd5+ Ke6 13. Bd3 Bd7 14. Qc2 f6 15. Bf5+ Kf7 16. Bxh7 Rc8 17. 0-0 Be7 18. b3 Be6 19. Nxe7 Qxe7 20. Bf5 Qc7 21. Bxe6+ Kxe6 22. h3 Kf7 23. Qe4 Rh5 24. Qd5+ Ke7 25. Ba3 g6 26. Rad1 Rd8 27. c5 Qd7 28. Qxd6+ Qxd6 29. Rxd6 Rxd6 30. cxd6+ Kd7 31. Rc1 Rh8 32. Rc7+ Kd8 33. Rxb7 Rh5 34. d7 Rh7 35. Rb8+ Kxd7 36. Rb7+ Kc6 37. Rxh7 Kb5 38. Rh6 Ka5 39. Rxg6 e4 40. Rxf6 e3 41. fxe3 Kb5 42. e4 Ka5 43. e5 Kb5 44. e6 a5 45. Rf5+ Ka6 46. e7 a4 47. e8Q axb3 48. Qb5+ Ka7 49. Rf7+ Ka8 50. Qb7# 1-0

[Event "Pan American-ch Hybrid U12 Girls 31st"]
[Site "Tornelo INT"]
[Date "2021.09.04"]
[Round "5"]
[White "Castillo Beitia, Ashley Alexandra"]
[Black "Zhong, Lanxin"]
[Result "1-0"]
[WhiteElo "1543"]
[BlackElo "1410"]
[PlyCount "113"]
[EventDate "2021.09.04"]
[EventType "swiss"]
[EventRounds "9"]
[EventCountry "NET"]
[SourceTitle "EXT 2023"]
[Source "ChessBase"]
[SourceDate "2022.10.05"]
[SourceVersion "1"]
[SourceVersionDate "2022.10.05"]
[SourceQuality "1"]

1. d4 Nf6 2. Bf4 g6 3. e3 Bg7 4. Nf3 d6 5. Nbd2 0-0 6. Be2 Nfd7 7. 0-0 e5 8. dxe5 dxe5 9. Bg5 Qe8 10. c3 f5 11. Qb3+ Kh8 12. Bh4 Nc6 13. Ng5 Nc5 14. Qd5 b6 15. Bc4 Bf6 16. Nf7+ Kg7 17. Bxf6+ Kxf6 18. Nxe5 Qxe5 19. Qxc6+ Be6 20. b4 Nd7 21. Bxe6 Qxe6 22. Qxc7 Rfc8 23. Qf4 g5 24. Qd4+ Ne5 25. f4 gxf4 26. exf4 Rd8 27. Qxe5+ Qxe5 28. fxe5+ Kxe5 29. Nf3+ Kf6 30. Nd4 Rd5 31. Rf3 a5 32. b5 Rc8 33. Raf1 Rcc5 34. g4 Rd7 35. Rxf5+ Rxf5 36. Rxf5+ Kg6 37. h4 Re7 38. h5+ Kg7 39. Kf2 Re4 40. Rg5+ Kf6 41. Rf5+ Kg7 42. Kg3 Re3+ 43. Rf3 Re1 44. g5 Rg1+ 45. Kh4 Rh1+ 46. Kg4 Rg1+ 47. Kf5 Ra1 48. Ne6+ Kf7 49. g6+ hxg6+ 50. hxg6+ Kg8 51. Ke5 Re1+ 52. Kd6 Rxe6+ 53. Kxe6 a4 54. Kf6 Kf8 55. g7+ Ke8 56. Rd3 a3 57. g8R# 1-0

[Event "Pan American-ch Hybrid U12 Girls 31st"]
[Site "Tornelo INT"]
[Date "2021.09.04"]
[Round "4"]
[White "Zhong, Lanxin"]
[Black "El Hage Serrano, Caely Dilsa"]
[Result "0-1"]
[WhiteElo "1410"]
[BlackElo "1232"]
[PlyCount "154"]
[EventDate "2021.09.04"]
[EventType "swiss"]
[EventRounds "9"]
[EventCountry "NET"]
[SourceTitle "EXT 2023"]
[Source "ChessBase"]
[SourceDate "2022.10.05"]
[SourceVersion "1"]
[SourceVersionDate "2022.10.05"]
[SourceQuality "1"]

1. e4 e6 2. d4 d5 3. e5 c5 4. c3 Nc6 5. Nf3 Qb6 6. Be2 Bd7 7. b3 cxd4 8. cxd4 Bb4+ 9. Bd2 Nxd4 10. Nc3 Nxf3+ 11. Bxf3 Qd4 12. Rc1 Rc8 13. Ne2 Bxd2+ 14. Qxd2 Rxc1+ 15. Qxc1 Qxe5 16. 0-0 Ne7 17. Re1 0-0 18. Ng3 Qd6 19. Nh5 e5 20. Qg5 Ng6 21. Qe3 e4 22. Be2 a6 23. Qd4 Qe5 24. Qc5 Bc6 25. Ng3 f5 26. Bxa6 f4 27. Nf1 f3 28. Ng3 fxg2 29. Kxg2 Nf4+ 30. Kf1 Qe6 31. Rc1 e3 32. Rc2 exf2 33. Rxf2 bxa6 34. a4 Ng6 35. Qd4 Rxf2+ 36. Kxf2 Qf6+ 37. Qxf6 gxf6 38. Nf5 Kf8 39. Ke3 Ne5 40. Kd4 Nf3+ 41. Kc5 Ba8 42. h3 Kf7 43. Nd6+ Ke6 44. Ne8 Ke5 45. Nc7 Bb7 46. b4 d4 47. b5 axb5 48. Nxb5 d3 49. Nc3 Nd4 50. Kb4 d2 51. a5 Bf3 52. a6 d1Q 53. Nxd1 Bxd1 54. a7 Bf3 55. h4 Ba8 56. h5 Kf5 57. h6 Nc6+ 58. Kc5 Nxa7 59. Kd4 Kg6 60. Ke3 Kxh6 61. Kf4 Kg6 62. Kg4 h6 63. Kh4 Bd5 64. Kg4 h5+ 65. Kh4 f5 66. Kg3 Kg5 67. Kh3 h4 68. Kh2 Kg4 69. Kg1 Kg3 70. Kf1 f4 71. Kg1 h3 72. Kf1 Bc6 73. Kg1 h2+ 74. Kf1 h1Q+ 75. Ke2 Qd5 76. Ke1 f3 77. Kf1 Qd1# 0-1

[Event "Pan American-ch Hybrid U12 Girls 31st"]
[Site "Tornelo INT"]
[Date "2021.09.04"]
[Round "1"]
[White "Zhong, Lanxin"]
[Black "Reifer Belle, Chanon"]
[Result "1-0"]
[WhiteElo "1410"]
[BlackElo "1073"]
[PlyCount "107"]
[EventDate "2021.09.04"]
[EventType "swiss"]
[EventRounds "9"]
[EventCountry "NET"]
[SourceTitle "EXT 2023"]
[Source "ChessBase"]
[SourceDate "2022.10.05"]
[SourceVersion "1"]
[SourceVersionDate "2022.10.05"]
[SourceQuality "1"]

1. e4 e5 2. Nf3 Nc6 3. d4 exd4 4. Nxd4 Bc5 5. Be3 Qf6 6. c3 Nge7 7. Bc4 Ne5 8. Bb3 Qg6 9. 0-0 0-0 10. Nd2 d5 11. f3 Bh3 12. Qe2 Rad8 13. Bc2 Bd7 14. exd5 Qb6 15. N2b3 Nxd5 16. Bf2 Rfe8 17. Qe4 Nf6 18. Qh4 h6 19. Nxc5 Qxc5 20. Ne6 Qc6 21. Nxd8 Rxd8 22. Bd4 Ng6 23. Bxg6 fxg6 24. Qg3 Bf5 25. Qf2 Nd5 26. Rad1 Nf4 27. Qe3 Nd5 28. Qe5 Nf6 29. Rfe1 Rd5 30. Qe3 Rd8 31. Bxf6 Rxd1 32. Rxd1 Qxf6 33. Qxa7 Qc6 34. Qd4 Be6 35. a3 Kh7 36. Re1 h5 37. Re5 Kh6 38. Qe3+ Kh7 39. Rxe6 Qd7 40. Kf2 Qb5 41. b4 Qa4 42. Qe4 Qd7 43. Qxg6+ Kh8 44. Re8+ Qxe8 45. Qxe8+ Kh7 46. Qxh5+ Kg8 47. Qe8+ Kh7 48. Qb8 Kg6 49. Qxc7 Kf5 50. Qd6 b5 51. g4+ Kg5 52. h4+ Kxh4 53. Qg6 Kh3 54. Qh5# 1-0